000
00326nam a2200121 4500
999
_c
13212
_d
13212
003
OSt
005
20250310162410.0
008
250310b ||||| |||| 00| 0 eng d
110
_a
Bureau of Indian standards
245
_a
National building code India-2005 Group2
260
_b
Bureau of Indian standards
_c
2005
942
_2
ddc